| 000 | 00838nam a2200217 a 4500 | ||
|---|---|---|---|
| 001 | 000668453 | ||
| 003 | AM-YeHGA | ||
| 005 | 20250617141854.0 | ||
| 008 | 090622s1964 ||| r 000 0 rus d | ||
| 040 | _aAM-YeHGA | ||
| 041 | 0 | _arus | |
| 100 | 1 | _aИгнаткин, Иван Александрович | |
| 245 | 1 | 0 |
_aКиев : _bПутеводитель-справочник / _cИ.А. Игнаткин, Н. Н. Лысенко, Д.И. Мышко. |
| 260 |
_aКиев : _bПолитиздат Украины, _c1964. |
||
| 300 |
_a350 с. : _bил., [1] вкл. л. карт. |
||
| 500 | _aНа тит. л. авт. не указаны | ||
| 653 | 0 | _aКиев - Путеводители | |
| 700 | 1 | _aЛысенко, Николай Николаевич | |
| 700 | 1 | _aМышко, Дмитрий Иванович | |
| 090 | _c248528 | ||
| 999 |
_c246939 _d246939 |
||